BIBLIOTECA

SENCICO

Uso del Sillar en la construcción (Registro nro. 3422)

Detalles MARC
000 -LEADER
fixed length control field 00651nam a2200181Ia 4500
005 - DATE AND TIME OF LATEST TRANSACTION
control field 20251020182613.0
008 - FIXED-LENGTH DATA ELEMENTS--GENERAL INFORMATION
fixed length control field 200515s9999 xx 000 0 und d
082 ## - DEWEY DECIMAL CLASSIFICATION NUMBER
Classification number SC/69.21:693/P45
110 ## - MAIN ENTRY--CORPORATE NAME
Corporate name or jurisdiction name as entry element Ininvi
245 #0 - TITLE STATEMENT
Title Uso del Sillar en la construcción
260 ## - PUBLICATION, DISTRIBUTION, ETC.
Place of publication, distribution, etc. Lima
260 ## - PUBLICATION, DISTRIBUTION, ETC.
Date of publication, distribution, etc. 1990
300 ## - PHYSICAL DESCRIPTION
Extent 33
520 ## - SUMMARY, ETC.
Summary, etc. El sillar, material de construcción tradicional en la ciudad de Arequipa, continúa utilizándose en forma masiva en las áreas marginales de la ciudad, constituyendo en la práctica un material alternativo para la construcción de viviendas de los pobladores
650 ## - SUBJECT ADDED ENTRY--TOPICAL TERM
Topical term or geographic name entry element PUB ININVI
650 ## - SUBJECT ADDED ENTRY--TOPICAL TERM
Topical term or geographic name entry element SILLAR
942 ## - ADDED ENTRY ELEMENTS (KOHA)
Koha item type Libros
Existencias
Fecha de la última vez que lo usaron Pago total Signatura topográfica completa Código de barras Precio efectivo desde Tipo de documento Estado perdido Estado dañado No es para préstamo Retirado Ubicación permanente Ubicación actual Fecha de adquisición
15/05/2020   SC/69.21:693/P45 Bib-Lima15053422 15/05/2020 Libros         Biblioteca Central Lima Biblioteca Central Lima 15/05/2020